000 01556nam a2200373 a 4500
999 _c167822
_d167822
003 BLK
005 20250122132908.0
008 180411b bul|||||r ||||||| ||bul||
010 _aKNG00175664000
040 _aBLK
041 _aBUL
_cBUL
072 7 _2bullib
_aК
_xКраезнание
080 _aАлманаси. Календари. Отраслови календари се класифицират по тема с определител (059). Вж и 529
_b059
_z059
139 _aЮнашки календар за 1912 високосна година
_bЮ 23
245 1 0 _aЮнашки календар за 1912 високосна година
_bГ. 1 -
_nГ. 2
257 _aBGR
260 _bН. Г. Гладнишки
_c1910 -
_fРусе : печ. Победа
_aРусе
300 _a180 с.
_c15 см
380 _a0
650 4 _aКалендари
_9158145
651 4 _aБългария
_9241624
653 _aкалендари
659 _aК
760 1 _d1912
_tГ. 2
852 _aЦб 7.160.49304
852 _aК 0/Ю 23
856 4 _qpdf
_i0.00
_lreg users access
_fЮнашки календар
_uhttp://185.138.176.146:18082/cgi-bin/koha/opac-retrieve-file.pl?id=3cf94f13e503372e6ad60da05ba84b36
_xebook
_zЮнашки календар за 1912 високосна година Г. 2
942 _cKNG
_n0
_s1
_01
944 _aCR
_c21.05.2015
_k30558
_lВаля Йорданова
944 _aED
_c14.08.2015
_kВаля_Йорданова
999 _d167822
999 _d167822
999 _d167822